| 000 | 00671nam a2200241Ia 4500 | ||
|---|---|---|---|
| 008 | 100315s9999 xx 000 0 und d | ||
| 040 | _cENGLISH | ||
| 082 |
_b9519 _a345 |
||
| 100 | _a"Kataria, R.P. " | ||
| 245 | _aCriminal Major Acts | ||
| 250 | _a2nd ed | ||
| 260 |
_aNEW DELHI _bOrient Law House _c1988 |
||
| 300 | _a"xlii,307 " | ||
| 365 |
_eRupees _d1 _b120.00 |
||
| 366 | _f0 | ||
| 505 | _gVaibhav Gaikwad | ||
| 530 | _bDonated By RBI Library | ||
| 620 | _a"Criminal Major Acts, Criminal Law, RBI Book " | ||
| 630 | _aCriminal Major Acts | ||
| 650 | _aCriminal Law | ||
| 730 | _aCriminal Major Acts | ||
| 942 | _cBOOK | ||
| 999 |
_c484253 _d484250 |
||